Statistiche per Forme di paese nella mappa del mondo #1

Clicka qui per fare il quiz!

Statistiche generali

  • Questo quiz è stato fatto 140 volte
  • Il punteggio medio è 16 su 20

Risposte nella Mappa

Le risposte nella mappa del quiz sottostante sono codificate secondo una scala di colori dal rosso al verde in base alla % di persone che hanno risposto correttamente.
 

Statistiche sulle risposte

nazione% Corretto
Messico
97%
Svizzera
92%
Svezia
91%
Polonia
89%
Uruguay
87%
Venezuela
87%
Mongolia
86%
Cuba
85%
Paraguay
84%
Romania
82%
Oman
80%
Ciad
79%
Etiopia
77%
Angola
73%
Mauritania
71%
Afghanistan
68%
Thailandia
67%
Papua Nuova Guinea
63%
Nuova Zelanda
62%
Azerbaijan
60%

Distribuzione punteggi

Percentile per numero di risposta

Percentuale di utenti per punteggio

I tuoi punteggi nel tempo

Non hai fatto questo quiz